ਮੇਰੇ ਸਫ਼ਰ ਦੀਆਂ ਯਾਦਾਂ / (Record no. 110782)

MARC details
000 -LEADER
fixed length control field 00998nam a22002537a 4500
005 - DATE AND TIME OF LATEST TRANSACTION
control field 20170123164157.0
010 ## - LIBRARY OF CONGRESS CONTROL NUMBER
LC control number B-065814
020 ## - INTERNATIONAL STANDARD BOOK NUMBER
Terms of availability 140.00
International Standard Book Number 8175991259
035 ## - SYSTEM CONTROL NUMBER
System control number B-065814
037 ## - SOURCE OF ACQUISITION
Source of stock number/acquisition Cen Lib/Ret
040 ## - CATALOGING SOURCE
Original cataloging agency DPL
Language of cataloging PN
082 ## - DEWEY DECIMAL CLASSIFICATION NUMBER
Classification number 910 .4
Item number ਸਤਿਆ
100 ## - MAIN ENTRY--PERSONAL NAME
Personal name ਸਤਿਆਰਥੀ, ਦੇਵਿੰਦਰ
9 (RLIN) 133883
245 ## - TITLE STATEMENT
Title ਮੇਰੇ ਸਫ਼ਰ ਦੀਆਂ ਯਾਦਾਂ /
Statement of responsibility, etc ਦੇਵਿੰਦਰ ਸਤਿਆਰਥੀ
246 ## - VARYING FORM OF TITLE
Title proper/short title Mera rusi safarname /
Remainder of title by Balraj Sahani
260 ## - PUBLICATION, DISTRIBUTION, ETC. (IMPRINT)
Place of publication, distribution, etc ਨਵੀਂ ਦਿੱਲੀ
Name of publisher, distributor, etc ਨਵਯੁਗ ਪਬਲਿਸ਼ਰਜ਼
270 ## - ADDRESS
Address k-24, ਹੋਜ਼ ਖ਼ਾਸ਼
City ਨਵੀਂ ਦਿੱਲੀ
Postal code 110016
300 ## - PHYSICAL DESCRIPTION
Extent 149p ;
Dimensions 20cm
650 ## - SUBJECT ADDED ENTRY--TOPICAL TERM
Topical term or geographic name as entry element ਭਾਰਤ ਨੂੰ -- ਵੇਰਵਾ ਅਤੇ ਯਾਤਰਾ
9 (RLIN) 133884
650 ## - SUBJECT ADDED ENTRY--TOPICAL TERM
Topical term or geographic name as entry element ਯਾਤਰਾ
9 (RLIN) 133885
650 ## - SUBJECT ADDED ENTRY--TOPICAL TERM
Topical term or geographic name as entry element India -- Description and travel
9 (RLIN) 26587
650 ## - SUBJECT ADDED ENTRY--TOPICAL TERM
Topical term or geographic name as entry element travel
9 (RLIN) 25007
942 ## - ADDED ENTRY ELEMENTS (KOHA)
Source of classification or shelving scheme Dewey Decimal Classification
Koha item type Punjabi Bks
Classification part 910.4
Call number suffix ਸਤਿਆ
Holdings
Withdrawn status Lost status Damaged status Not for loan Home library Current library Date acquired Source of acquisition Cost, normal purchase price Total Checkouts Full call number Barcode Date last seen Copy number Cost, replacement price Price effective from Koha item type
        Central Library Central Library 08/02/2016 Cen Lib/Ret 140.00   910 .4 ਸਤਿਆ B-065814 08/02/2016 1 140.00 08/02/2016 Punjabi Bks

© Delhi Public Library
Hit Counter
free hit counter